| 000 | 01197nam a2200313 a 4500 | ||
|---|---|---|---|
| 001 | BRCA_5285 | ||
| 005 | 20190320205021.0 | ||
| 008 | 011210s1982----enka######---#000-0#eng-# | ||
| 020 | _a0413397203 | ||
| 041 | _aeng | ||
| 044 | _aenk | ||
| 050 | 4 |
_aTS542 _b.B75 1982 |
|
| 245 | 1 | 0 |
_aBritten´s old clocks and watches and their makers _ba history of styles in clocks and watches and their mechanisms _cedited by G. H. Baillie, Courtenay Ilbert, Cecil Clutton. |
| 250 | _a9 | ||
| 260 |
_aLondres _bMethuen _c1982 |
||
| 300 |
_axxvii, 700 p. _bil. (algunas a color), 5 láminas, 1 mapa _c28 cm. |
||
| 500 | _aIncluye lista de ilustraciones, apéndices, glosario e índice alfabético | ||
| 500 | _aEstado físico: primera lámina suelta | ||
| 500 | _aIncluye dedicatoria a Héctor Rivero Borrell | ||
| 500 | _aDonación Dr. Héctor Rivero Borrell Vázquez | ||
| 504 | _aBibliografía: p. 675-681 | ||
| 600 | 1 | 4 |
_aBritten, Frederick James _d1843-1913 _xColecciones _913544 |
| 650 | 1 | 4 |
_aRelojes _eColecciones _xHistoria _913545 |
| 700 | 1 |
_aBaillie, G. H. _eed. _913546 |
|
| 700 | 1 |
_aClutton, Cecil _eed. _913547 |
|
| 700 | 1 |
_aCourtenay, Ilbert _eed. _913548 |
|
| 902 | _aDHR | ||
| 942 |
_2lcc _cB |
||
| 999 |
_c4979 _d4979 |
||